000
00302nam a2200121Ia 4500
005
20260328101522.0
008
260328s9999||||xx |||||||||||||| ||und||
245
0
_a
Italian high Design and high technology /
260
_b
Sprint Lazio
300
_a
215 p.
650
_a
ARQUITECTURA REGIONAL
942
_c
BK
999
_c
9628
_d
9628